000 00638nam a22001937a 4500
999 _c168441
_d168441
005 20191009142643.0
010 _aENG-126623
020 _a9789353285906
_c495.00
035 _aEN-110155
037 _bDBAD/PUB
082 _a651.3
100 _aMac Rory, Simon
245 _aWake up and smell the coffee :
_cby Simon Mac Rory
_bthe imperative of teams /
260 _aNew Delhi
_bSAGE Publications
_c2018
270 _aB1/1-1, Mohan Cooperative Industrial Area
_bMathura Road, Post Bag 7
_e110044
_mmarketing@sagepub.in
300 _a243p.
_c22cm(pbk)
500 _aIncludes endnotes
942 _2ddc
_cEN
_h651.3
_mMAC